00890cam a2200265ua 450000100060000000300080000600500170001400800410003103500190007203500170009104000520010804100160016008200180017610000210019424501100021526000680032530000200039349000480041350000390046150400290050065000390052983000080056870000190057683000290059520918BD-RjUL20211209000628.0140302r19601950mau b 001 1 eng d a(BD-RjUL)20980 a(NNC)4429814 aODaWUcODaWUdm.c.dNNUTdCStRLINdBD-RjULbeng1 aenglathlat00a823bAPG 19600 aApuleius, Lucius14aThe golden ass /cApuleius ; with an English translation by W. Adlington (1566) ; revised by S. Gaselee. aLondon :bW. Heinemann,c1950 [Reprinted 1960]g(1977 printing) a298p. ;c17 cm.1 aLoeb classical library. Latin authors ;v44 aLatin and English on facing pages. aBibliography: p. xi-xii. 0a Mythology, Classical -- Fiction.  0v44.1 aGraves, Robert 0aLoeb classical library ;